000 00796nam a2200241Ia 4500
003 OSt
005 20220923223149.0
006 a|||||r|||| 00| 0
007 ta
008 220922b |||||||| |||| 00| 0 hin d
024 _a211,499
037 _cTextual
040 _aARTS
_cARTS
_bhin
041 _2hin
_ahin
082 _aO152,3N374,2, M6-;1
100 _aपाण्डेय, जगदीश चन्द्र
_9157573
245 0 _aजानकी से जानकी तक
246 _aJānakī se jānakī taka
260 _aदिल्ली
_b हिमाचल प्रका0
_c1986
300 _a136पृ.
_ccm.
942 _hO152,3N374,2, M6-;1
_cTEXL
_2CC
999 _c361774
_d361774